Giáo trình Luật dân sự Việt Nam

Gespeichert in:
Bibliographische Detailangaben
1. Verfasser: Đinh, Văn Thanh
Format: Buch
Sprache:Undetermined
Veröffentlicht: Hà Nội Công an nhân dân 2004
Schlagworte:
Tags: Tag hinzufügen
Keine Tags, Fügen Sie den ersten Tag hinzu!
Thư viện lưu trữ: Trung tâm Học liệu Trường Đại học Cần Thơ
LEADER 00607nam a2200205Ia 4500
001 CTU_64382
008 210402s9999 xx 000 0 und d
020 |b 61000 
082 |a 346.597 
082 |b Th107 
100 |a Đinh, Văn Thanh 
245 0 |a Giáo trình Luật dân sự Việt Nam 
245 0 |c Đinh Văn Thanh, Nguyễn Văn Tuấn 
260 |a Hà Nội 
260 |b Công an nhân dân 
260 |c 2004 
650 |a Civil rights,Private law 
650 |z Vietnam 
904 |i Minh (Nguyênsửa) 
980 |a Trung tâm Học liệu Trường Đại học Cần Thơ